Dòng sông vẫn chảy : Tập truyện ngắn

保存先:
書誌詳細
第一著者: Nguyễn, Văn Tông
フォーマット: 図書
言語:Undetermined
出版事項: Hà Nội Hội nhà văn 2020
主題:
タグ: タグ追加
タグなし, このレコードへの初めてのタグを付けませんか!
Thư viện lưu trữ: Trung tâm Học liệu Trường Đại học Cần Thơ
LEADER 00589nam a2200193Ia 4500
001 CTU_239644
008 210402s9999 xx 000 0 und d
082 |a 895.9223008 
082 |b T455 
100 |a Nguyễn, Văn Tông 
245 0 |a Dòng sông vẫn chảy : 
245 0 |b Tập truyện ngắn 
245 0 |c Nguyễn Văn Tông 
260 |a Hà Nội 
260 |b Hội nhà văn 
260 |c 2020 
650 |a Truyện ngắn Việt Nam,Short stories, Vietnamese 
910 |b nthai 
980 |a Trung tâm Học liệu Trường Đại học Cần Thơ